Historia ambiental y recuperación integral de los territorios asociados a quebradas y ríos en Bogotá, caso Chapinero / (Registro nro. 8805)
[ vista simple ]
| 000 -CABECERA | |
|---|---|
| Campo de control | 01141nam a22002897a 4500 |
| 005 - FECHA Y HORA DE LA ULTIMA TRANSACCION | |
| Campo de control | 20150717152925.0 |
| 008 - ELEMENTOS DE LONGITUD FIJA—INFORMACION GENERAL | |
| Campo de control | 141115b2014 xxu||||| |||| 00| 0 spa d |
| 020 ## - ISBN | |
| ISBN | 9789585769168 |
| 040 ## - FUENTE DE CATALOGACIÓN | |
| Agencia catalogadora original | CO-BoIAVH |
| Agencia transcriptora | CO-BoIAVH |
| 041 ## - IDIOMA | |
| Código de idioma para texto/pista de sonido o título separado | Español |
| 044 ## - PAÍS DE PUBLICACIÓN | |
| País de publicación | Colombia |
| 082 04 - NUMERO DE CLASIFICACION DECIMAL DEWEY | |
| Número de clasificación | 627.12 |
| Número del ítem | B42p |
| 100 1# - ASIENTO PRINCIPAL--NOMBRE PERSONAL | |
| Nombre personal | Bejarano, Patricia |
| 245 10 - MENCION DE TITULO | |
| Título | Historia ambiental y recuperación integral de los territorios asociados a quebradas y ríos en Bogotá, caso Chapinero / |
| Parte restante del título | Patricia Bejarano |
| 260 ## - PUBLICACION, DISTRIBUCION, ETC. (PIE DE IMPRENTA) | |
| Lugar de publicación, distribución, etc. | Bogotá: |
| Nombre del editor, distribuidor, etc. | Conservación Internacional, |
| -- | Secretaría Distrital de Ambiente, |
| -- | Alcaldía Local de Chapinero, |
| Fecha de publicación, distribución, etc. | 2014. |
| 300 ## - DESCRIPCION FISICA | |
| Extensión | 366 p. |
| Otros detalles físicos | fot. (col) |
| Dimensiones | 21 cm. |
| 500 ## - NOTA GENERAL | |
| Nota general | Proyecto de recuperación integral de las quebradas de Chapinero |
| 650 #6 - ASIENTO SECUNDARIO DE MATERIA - TERMINO TEMATICO | |
| Término temático o nombre geográfico como elemento de entrada | Quebradas |
| Subdivisión general | restauración |
| Subdivisión geográfica | Bogotá (Colombia) |
| 650 #6 - ASIENTO SECUNDARIO DE MATERIA - TERMINO TEMATICO | |
| Término temático o nombre geográfico como elemento de entrada | Ríos |
| Subdivisión general | restauración |
| 651 ## - ASIENTO SECUNDARIO DE MATERIA - NOMBRE GEOGRAFICO | |
| Nombre geográfico | Colombia |
| Subdivisión geográfica | Chapinero (Localidad, Bogotá) |
| 700 1# - ASIENTO SECUNDARIO - NOMBRE PERSONAL | |
| Nombre personal | Gómez-Creutzberg, Carla |
| 700 1# - ASIENTO SECUNDARIO - NOMBRE PERSONAL | |
| Nombre personal | Alvarado-Camacho, Yasmid |
| 700 1# - ASIENTO SECUNDARIO - NOMBRE PERSONAL | |
| Nombre personal | Sguerra, Sandra |
| 700 1# - ASIENTO SECUNDARIO - NOMBRE PERSONAL | |
| Nombre personal | Aparicio, Santiago |
| 700 1# - ASIENTO SECUNDARIO - NOMBRE PERSONAL | |
| Nombre personal | Cavelier, Isabel |
| 942 ## - ELEMENTOS ADICIONALES (KOHA) | |
| Sistema de clasificación | Dewey Decimal Classification |
| Tipo de ítem | Libro |
| Withdrawn status | Lost status | Sistema de Clasificación | Damaged status | No para préstamo | Colección | Inventariado | Ubicación Permanente | Ubicación actual | Fecha de adquisición | Fuente de Valor | Valor | Total Checkouts | Número topográfico | Inventario / Código de Barras | Date last seen | Ejemplar | Price effective from | Forma de adquisición | Tipo de material |
|---|---|---|---|---|---|---|---|---|---|---|---|---|---|---|---|---|---|---|---|
| Dewey Decimal Classification | General | Inventariado 2017 | Bogotá | Bogotá | 15/11/2014 | Instituto | 39000.00 | LB-627.12 B42p | 038436 | 07/03/2019 | Ej. 1 | 15/11/2014 | Libro |